书目信息 |
| 题名: |
考研英语(一)新题型过关必练500题
|
|
| 作者: | 李玉技 主编 | |
| 分册: | ||
| 出版信息: | 北京 中国石化出版社 2014 |
|
| 页数: | 244页 | |
| 开本: | 26cm | |
| 丛书名: | ||
| 单 册: | ||
| 中图分类: | H310.421-44 | |
| 科图分类: | ||
| 主题词: | 英语--Ying Yu--硕士生--入学考试--习题集 | |
| 电子资源: | ||
| ISBN: | 978-7-5114-2678-9 | |
| 000 | 00827nam0 22002291 450 | |
| 001 | 0121113046 | |
| 005 | 20161122102310.39 | |
| 010 | @a978-7-5114-2678-9@dCNY35.00 | |
| 100 | @a20140512d2014 em y0chiy50 ea | |
| 101 | 0 | @achi@aeng |
| 102 | @aCN@b110000 | |
| 105 | @ay zq 000yy | |
| 106 | @ar | |
| 200 | 1 | @a考研英语(一)新题型过关必练500题@AKao Yan Ying Yu Yi Xin Ti Xing Guo Guan Bi Lian 500Ti@f李玉技主编 |
| 210 | @a北京@c中国石化出版社@d2014 | |
| 215 | @a244页@d26cm | |
| 330 | @a本书共5章,主要内容包括:新题型大纲解析及解题技巧、段落句子填空题精选精炼、排序题精选精练、匹配题精选精练、小标题题精选精练。 | |
| 606 | 0 | @a英语@AYing Yu@x硕士生@x入学考试@j习题集 |
| 690 | @aH310.421-44@v5 | |
| 701 | 0 | @a李玉技@ALi Yu Ji@c(英语)@4主编 |
| 801 | 0 | @aCN@bTANGWEI@c20161118 |
| 905 | @b0898211-5@dH310.421-44@e1616@f5 | |
| 考研英语(一)新题型过关必练500题/李玉技主编 .-北京:中国石化出版社,2014 |
| 244页;26cm |
| ISBN 978-7-5114-2678-9:CNY35.00 |
| 本书共5章,主要内容包括:新题型大纲解析及解题技巧、段落句子填空题精选精炼、排序题精选精练、匹配题精选精练、小标题题精选精练。 |
| ● |
| 相关链接 |
|
|
|
|
正题名:考研英语(一)新题型过关必练500题
索取号:H310.421-44/1616
 
预约/预借
| 序号 | 登录号 | 条形码 | 馆藏地/架位号 | 状态 | 备注 |
| 1 | 0898211 | 208982118 | 第二样本阅览室/ [索取号:H310.421-44/1616] | 在馆 | |
| 2 | 0898212 | 208982127 | 第四借阅区/ [索取号:H310.421-44/1616] | 在馆 | |
| 3 | 0898213 | 208982136 | 第四借阅区/ [索取号:H310.421-44/1616] | 在馆 | |
| 4 | 0898214 | 208982145 | 第四借阅区/ [索取号:H310.421-44/1616] | 在馆 | |
| 5 | 0898215 | 208982154 | 第四借阅区/ [索取号:H310.421-44/1616] | 在馆 |